Tíz év után
Elmentve itt :
| Szerző: | |
|---|---|
| Dokumentumtípus: | Cikk |
| Megjelent: |
1954
|
| Sorozat: | Szegedi Egyetem
2 No. 19 |
| Kulcsszavak: | Egyetemi élet - Szeged |
| Online Access: | http://univ.bibl.u-szeged.hu/11503 |
| LEADER | 00602nab a2200193 i 4500 | ||
|---|---|---|---|
| 001 | univ11503 | ||
| 005 | 20250211150200.0 | ||
| 008 | 171117s1954 hu o 000 hun d | ||
| 022 | |a 0230-791X | ||
| 040 | |a SZTE UnivHistória Repozitórium |b hun | ||
| 041 | |a hun | ||
| 100 | 1 | |a Kerényi György | |
| 245 | 1 | 0 | |a Tíz év után |h [elektronikus dokumentum] / |c Kerényi György |
| 260 | |c 1954 | ||
| 300 | |a 2 | ||
| 490 | 0 | |a Szegedi Egyetem |v 2 No. 19 | |
| 561 | |a Egyetemi, hallgatói élet | ||
| 695 | |a Egyetemi élet - Szeged | ||
| 856 | 4 | 0 | |u http://univ.bibl.u-szeged.hu/11503/1/sze_1954_019_002.pdf |z Dokumentum-elérés |